Mario Kart Mii Suits - Statistics

General Stats
  • This quiz has been taken 45 times
    35 since last reset
  • The average score is 39 of 65
Answer Stats
Hint Answer % Correct
Mario Kart 8 Luigi Suit
97%
Mario Kart 8 Mario Suit
97%
Mario Kart 8 Bowser Suit
93%
Mario Kart 8 Peach Suit
93%
Princess Tour Daisy Suit
90%
Mario Kart 8 Yoshi Suit
86%
Yoshi Tour Birdo Suit
83%
Mario Kart 8 Donkey Kong Suit
83%
Mario Kart 8 Toad Suit
83%
Mario Kart 8 Rosalina Suit
79%
Mario Kart 8 Animal Crossing Suit
76%
Sundae Tour Ice Cream Suit
72%
Sunshine Tour Toadette Suit
72%
Mario Kart 8 Captain Falcon Suit
69%
Cat Tour Cat Suit
69%
Mario vs. Luigi Tour Waluigi Suit
69%
Mario Kart 8 Wario Suit
69%
Mario Kart 8 Fox Suit
66%
Mario Kart 8 Hylian Suit
66%
Mario Kart 8 Normal Suit
66%
Mario Kart 8 Pac-Man Suit
66%
Yoshi Tour Piranha Plant Suit
66%
Peach vs. Bowser Tour ? Block Suit
62%
Ocean Tour Cheep Cheep Suit
62%
Mario Kart 8 Kirby Suit
62%
Bowser Tour Larry Suit
62%
Mii Tour Lemmy Suit
62%
Mario Kart 8 Mega Man Suit
62%
Mii Tour Morton Suit
62%
Mario Kart 8 Sonic Suit
62%
Vacation Tour Wendy Suit
62%
Ocean Tour Dolphin Suit
59%
Halloween Tour Dry Bones Suit
59%
Bowser Tour Ludwig Suit
59%
Bowser Tour Roy Suit
59%
Pipe Tour Wiggler Suit
59%
Summer Tour Blooper Suit
55%
Bangkok Tour Chain Chomp Suit
55%
Bowser Tour Dry Bowser Suit
55%
Bowser Tour Iggy Suit
55%
Mario Kart 8 Deluxe Inkling Suit
55%
Piranha Plant Tour Petey Piranha Suit
55%
Anniversary Tour Castle Suit
52%
Mii Tour Gold Suit
52%
Amsterdam Tour Nabbit Suit
52%
Ninja Tour Pokey Suit
52%
Mario Kart 8 Varia Suit
52%
Samurai Tour King Boo Suit
48%
Mario vs. Luigi Tour Monty Mole Suit
48%
Mii Tour Silver Suit
48%
Mii Tour Bronze Suit
45%
Mario vs. Luigi Tour Goomba Suit
45%
Mario Kart 8 Pikmin Suit
45%
Mario Tour Spike Suit
45%
Mario vs. Luigi Tour Hammer Bro. Suit
41%
Animal Tour Moo Moo Suit
41%
Holiday Tour Santa Suit
41%
Anniversary Tour (2023) Koopa Clown Suit
38%
Samurai Tour King Bob-omb Suit
34%
Doctor Tour Para-Biddybud Suit
34%
Holiday Tour Reindeer Suit
34%
Peach vs. Bowser Tour Rocky Wrench Suit
34%
Night Tour Fishbone Suit
31%
Metropolitan Tour Pastry Chef Suit
31%
Winter Tour Roaring Racer Suit
31%
No matching quizzes found
Score Distribution
Percent of People with Each Score
Percentile by Number Answered
Your Score History
You have not taken this quiz since the last reset